Aircraft Used In The Battle Of Britain 1940 - Statistics

General Stats
  • This quiz has been taken 80 times
  • The average score is 7 of 17
Answer Stats
Hint Answer % Correct
RAF Supermarine Spitfire
98%
RAF Hawker Hurricane
89%
Luftwaffe Messerschmitt Bf109
79%
Luftwaffe Junkers Ju87 Stuka
64%
Luftwaffe Heinkel He111
61%
Luftwaffe Junkers Ju88
53%
Luftwaffe Messerschmitt Bf110
50%
RAF Bristol Blenheim
41%
Luftwaffe Dornier Do17
38%
RAF Boulton Paul Defiant
30%
RAF Gloster Gladiator
27%
RAF Bristol Beaufighter
24%
Regia Aeronautica Fiat Cr.42 Falco
18%
Regia Aeronautica Fiat G.50 Freccia
12%
Regia Aeronautica Fiat Br.20 Cicogna
9%
Regia Aeronautica CANT Z.1007 Alcione
5%
Luftwaffe Heinkel He115
5%
No matching quizzes found
Score Distribution
Percent of People with Each Score
Percentile by Number Answered
Your Score History
You have not taken this quiz